| 000 | 00481pam a2200193 a 4500 | ||
|---|---|---|---|
| 020 | _c | ||
| 040 | _aMedical College Lib. | ||
| 041 |
_aENG _hENG |
||
| 082 |
_a155 _bMUN |
||
| 100 | _aMunn, N.L. . | ||
| 245 |
_aIntroduction To Psychology / _c _hTextual Documents |
||
| 260 |
_a : _bOxford ( IBH ) , _c1967. |
||
| 300 |
_a426 ; _c |
||
| 365 | _aGift | ||
| 653 |
_aMedical science _aPsychology |
||
| 930 | _a4910 | ||
| 999 |
_c4909 _d4909 |
||